| 000 | 00567nam a2200181Ia 4500 | ||
|---|---|---|---|
| 005 | 20251006225607.0 | ||
| 008 | 251006t2001||||xx |||||||||||||| ||und|| | ||
| 040 | _aCBC | ||
| 100 | _aJaimes Peñaranda, Diana Lorenza | ||
| 245 | _aLos líderes del socialismo a finales de la década de los años veinte: los acontecimientos de La Gómez | ||
| 300 | _ap. 393-401 | ||
| 650 | _aMOVIMIENTOS SOCIALES | ||
| 650 | _aSIGLO XX | ||
| 650 | _aSOCIALISMO | ||
| 651 | _aCOLOMBIA | ||
| 773 | _aAnuario de historia regional y de las fronteras No. 6 (2001) | ||
| 942 | _tMJCh | ||
| 999 |
_c14095 _d14095 |
||